Henry and the elephant : (Record no. 9873)

MARC details
000 -LEADER
fixed length control field 01271nam a22003137a 4500
001 - CONTROL NUMBER
control field 9873
003 - CONTROL NUMBER IDENTIFIER
control field FISKH
005 - DATE AND TIME OF LATEST TRANSACTION
control field 20260310142159.0
008 - FIXED-LENGTH DATA ELEMENTS--GENERAL INFORMATION
fixed length control field 260310b cb ||||| |||| 00| 0 eng d
020 ## - INTERNATIONAL STANDARD BOOK NUMBER
International Standard Book Number 090129001996
040 ## - CATALOGING SOURCE
Original cataloging agency FISKH
Language of cataloging eng
Transcribing agency FISKH
Modifying agency FISKH
050 ## - LIBRARY OF CONGRESS CALL NUMBER
Classification number PZ7 .A9613
082 ## - DEWEY DECIMAL CLASSIFICATION NUMBER
Classification number 409
100 ## - MAIN ENTRY--PERSONAL NAME
Personal name Awdry , Rev.W.
245 ## - TITLE STATEMENT
Title Henry and the elephant :
Remainder of title A Thomas the tank engine storybook /
Statement of responsibility, etc. Based on the railway series by the Rev.W. Awdry : Illustrated by Owain Bell
250 ## - EDITION STATEMENT
Edition statement First Random House Jellybean Books edition , 1999 .
260 ## - PUBLICATION, DISTRIBUTION, ETC.
Place of publication, distribution, etc. New York :
Name of publisher, distributor, etc. Random House ,
Date of publication, distribution, etc. 1990 .
300 ## - PHYSICAL DESCRIPTION
Extent 20 unnumbered pages :
Other physical details color illustrations ;
Dimensions 17 X 17 cm.
490 ## - SERIES STATEMENT
Series statement Thomas the Tank Engine Book Club
Volume/sequential designation 5
505 ## - FORMATTED CONTENTS NOTE
Formatted contents note E <br/>
520 ## - SUMMARY, ETC.
Summary, etc. The circus is in town, and all the engines want to help out! James gets the job, and Henry the green engine is very disappointed. But his unhappy mood doesn't last long when he discovers a fun surprise--a playful stray circus elephant stuck in his tunnel!
521 8# - TARGET AUDIENCE NOTE
Target audience note 200 <br/>
Source Lexile estimate <br/>
521 8# - TARGET AUDIENCE NOTE
Target audience note E <br/>
Source Raz-Plus <br/>
650 ## - SUBJECT ADDED ENTRY--TOPICAL TERM
Topical term or geographic name entry element Trains
Form subdivision Children's Books
650 ## - SUBJECT ADDED ENTRY--TOPICAL TERM
Topical term or geographic name entry element Tiny book
Form subdivision Children's Books
700 ## - ADDED ENTRY--PERSONAL NAME
Personal name Bell , Owain
Relator term Illustrator
942 ## - ADDED ENTRY ELEMENTS (KOHA)
Source of classification or shelving scheme Dewey Decimal Classification
Koha item type Books
Suppress in OPAC No
Holdings
Withdrawn status Lost status Source of classification or shelving scheme Damaged status Not for loan Collection Home library Current library Shelving location Date acquired Total Checkouts Full call number Barcode Date last seen Price effective from Koha item type
    Dewey Decimal Classification     Juvenile Fiction Footprints International School Library Network Toul Tom Poung Campus Footprints International School Library Network Toul Tom Poung Campus TTP Primary Green Bookshelves 03/10/2026   AWD 409 PZ7 .A9613 FISBK057062 03/10/2026 03/10/2026 Books